Paises con el coeficiente intelectual más alto - Estadísticas

Estadísticas generales
  • Esta prueba ha sido intentada 81 veces
  • La puntuación promedio es 11 de 16
Estadísticas de respuestas
IQ Continente País % Correcto
107 Asia China
97%
106,18 Asia Japón
94%
102 Europa España
90%
102,36 Europa Alemania
89%
107,5 Asia Corea del Sur
89%
102,11 Europa Italia
87%
102,6 América del Norte Canadá
81%
101,76 Oceanía Nueva Zelanda
76%
102,71 Europa Austria
64%
102,3 Asia Mongolia
60%
106,18 Asia Singapur
60%
106,84 Asia Irán
53%
102,18 Asia Israel
50%
102,31 Europa Eslovenia
41%
101,71 Europa Bulgaria
26%
102,16 Asia Sri Lanka
20%
No se encontraron pruebas coincidentes
Distribución de puntuación
Porcentaje de gente con cada puntuación
Porcentaje por número respondido
Historial de tus puntuaciones
No has intentado esta prueba.